मेरी प्रिय लघुकथाये / (Record no. 199924)

MARC details
000 -LEADER
fixed length control field 00725nam a22001817a 4500
005 - DATE AND TIME OF LATEST TRANSACTION
control field 20240101143232.0
010 ## - LCCN (DPL NO)
LC control number HIN-126555
020 ## - INTERNATIONAL STANDARD BOOK NUMBER
International Standard Book Number 9789389625066
Terms of availability 400.00
035 ## - SYSTEM CONTROL NUMBER
System control number HN-98901
037 ## - SOURCE OF ACQUISITION
Source of stock number/acquisition DBAD/PUB
082 ## - DEWEY DECIMAL CLASSIFICATION NUMBER
Classification number
100 ## - MAIN ENTRY--PERSONAL NAME
Personal name अनिल शूर आजाद
245 ## - TITLE STATEMENT
Title मेरी प्रिय लघुकथाये /
Statement of responsibility, etc अनिल शूर आजाद
260 ## - PUBLICATION, DISTRIBUTION, ETC. (IMPRINT)
Place of publication, distribution, etc दिल्ली
Name of publisher, distributor, etc मोनिका प्रकाशन
Date of publication, distribution, etc 2020
270 ## - ADDRESS
Address 600/5-ए आदर्श मोहल्ला गली न 15 मौजपुर
City दिल्ली
Postal code 110053
300 ## - PHYSICAL DESCRIPTION
Extent 112 पृ.;
Dimensions 23 सेमी.(सजिल्द)
942 ## - ADDED ENTRY ELEMENTS (KOHA)
Source of classification or shelving scheme Dewey Decimal Classification
Item type Hindi Books
Classification part
Call number suffix अनिल
Holdings
Withdrawn status Lost status Not for loan Collection code Home library Current library Date acquired Source of acquisition Cost, normal purchase price Full call number Barcode Copy number Cost, replacement price Koha item type
      Fiction Vinoba Puri Vinoba Puri 01/01/2024 DBAD/PUB 400.00 क अनिल HN-98901 1 400.00 Hindi Books

© Delhi Public Library
Hit Counter
free hit counter